000 00441nam a2200181Ia 4500
005 20230721103037.0
008 131103s9999 xx 000 0 und d
040 _aLoreto College
041 _aEnglish
082 _aF
_bCAT
100 _aCather,Willa
245 _aShadows on the rock
_cWilla Cather
260 _aNew York
_bAlfred A.Knopf
_c1931
300 _a280 p.
650 _aFiction in English
850 _aLCLIB
942 _cBK
999 _c16465
_d66944